LEADER 01202nam a2200289 4500 001 000000353455 003 CaOOAMICUS 005 20230523094646.0 008 230414s2015 it 000 u ita r 020 $a978-88-502-4220-7 040 $aSeMil$bita 100 1 $aCooper, Glenn,$d<1953- >.$0(OLS)http://semarc/name/117428 240 10$aDown. Portal.$0(OLS)http://semarc/title/443502 245 13$aLa porta delle tenebre :$bromanzo /$cGlenn Cooper ; traduzione di Paolo Falcone. 264 1$aMilano :$bTEA,$c2015. 300 $a542,14 p. ;$c20 cm 490 1 $aTEA 500 $aIn copertina: Dannati ;contiene l'incipit de: L'invasione delle tenebre 700 1 $aFalcone, Paolo,$d<1975- >.$0(OLS)http://semarc/name/117429 830 0$aTEA.$0(OLS)http://semarc/title/11510 850 $aSeMil 852 $aSeMil$W1$xVenegono$y1$m1W II 381$j240720$B244664$CSeMilBibl$Z2$F244664 $81 961 $aBonazzoli don Davide - Omaggio 996 $6020$a978-88-502-4220-7$9(OLS)http://semarc/number/297965 996 $6245$aLa porta delle tenebre :$bromanzo$9(OLS)http://semarc/title/443503 996 $6264$aMilano :$bTEA$9(OLS)http://semarc/publisher/32364 LEADER 00571nab a2200145 i 4500 001 000000281481 003 CaOOAMICUS 005 20130725000000.0 008 130725n xx uu u0 0und r 013 $a34090 040 $aSeMil$bita 245 13$aLa conoscenza è sempre un avvenimento. - Titolo principale dalla copertina. 500 $aLuglio-Ottobre 2009. 773 0 $t[2009].$dRoma : Associazione Carmelo Teresiano Italiano, Ed. OCD, copyr. 2009.$w()231721 996 $6245$aLa conoscenza è sempre un avvenimento. - Titolo principale dalla copertina.$9(OLS)http://semarc/title/363986